The short-wave mystery, (Record no. 819)

MARC details
000 -LEADER
fixed length control field 00608cam a22002171 4500
005 - DATE AND TIME OF LATEST TRANSACTION
control field 20260322212035.0
008 - FIXED-LENGTH DATA ELEMENTS--GENERAL INFORMATION
fixed length control field data
010 ## - LIBRARY OF CONGRESS CONTROL NUMBER
LC control number 45001618
040 ## - CATALOGING SOURCE
Original cataloging agency DLC
Transcribing agency DLC
Modifying agency DLC
050 10 - LIBRARY OF CONGRESS CALL NUMBER
Classification number PZ7.D644
Item number Shj
050 00 - LIBRARY OF CONGRESS CALL NUMBER
Classification number Microfilm PZ
099 ## - LOCAL FREE-TEXT CALL NUMBER (OCLC)
Classification number DIXONF
001 - CONTROL NUMBER
control field data
100 1# - MAIN ENTRY--PERSONAL NAME
Personal name Dixon, Franklin W.
245 14 - TITLE STATEMENT
Title The short-wave mystery,
Statement of responsibility, etc. Franklin W. Dixon.
260 ## - PUBLICATION, DISTRIBUTION, ETC.
Place of publication, distribution, etc. New York,
Name of publisher, distributor, etc. Grosset & Dunlap
Date of publication, distribution, etc. [1945]
300 ## - PHYSICAL DESCRIPTION
Extent vi, 217 p.
Other physical details incl. front.
Dimensions 20 cm.
490 0# - SERIES STATEMENT
Series statement His Hardy boys mystery stories
533 ## - REPRODUCTION NOTE
Type of reproduction Microfilm.
Place of reproduction Washington, D.C.,
Agency responsible for reproduction Library of Congress.
590 ## - LOCAL NOTE (RLIN)
Local note LC replaced by microfilm.
Holdings
Withdrawn status Lost status Damaged status Not for loan Home library Current library Shelving location Date acquired Total checkouts Full call number Barcode Date last seen Date last checked out Price effective from Koha item type
        Centerville Centerville General stacks 22/03/2026 1 PZ7.D644 Shj BC0010843 16/04/2026 16/04/2026 22/03/2026 Books